| 000 | 00000nam##2200000za#4500 |
| 001 | 9.695723 |
| 003 | CaOODSP |
| 005 | 20210624234715 |
| 007 | cr ||||||||||| |
| 008 | 150407|1997||||xxc|||||o f|0| 0 eng|d |
| 040 | |aCaOODSP|beng |
| 043 | |an-cn--- |
| 086 | 1 |aR64-197/1-1997E-PDF |
| 110 | 2 |aParks Canada. |
| 245 | 10|aNational park system plan |h[electronic resource] |
| 250 | |a[3rd ed., 1997] |
| 260 | |aOttawa - Ontario : |bParks Canada |c[1997?]. |
| 590 | |a12-05-Supp|b2012-03-02 |
| 775 | 08|tPlan de réseau des parcs nationaux |w(CaOODSP)9.639849 |
| 776 | 0#|tNational Parks System Plan |w(CaOODSP)9.646438 |
| 856 | 40|ahttp://publications.gc.ca|qPDF|s7394 KB|uhttps://publications.gc.ca/collections/Collection/R64-197-1-1997E.pdf |